The Saber-Tooth Curriculum. (Record no. 5201)

MARC details
000 -LEADER
fixed length control field 00555nam a22002057a 4500
003 - CONTROL NUMBER IDENTIFIER
control field OSt
005 - DATE AND TIME OF LATEST TRANSACTION
control field 20191207104556.0
008 - FIXED-LENGTH DATA ELEMENTS--GENERAL INFORMATION
fixed length control field 160914b xxu||||| |||| 00| 0 eng d
020 ## - INTERNATIONAL STANDARD BOOK NUMBER
International Standard Book Number 0071422889
040 ## - CATALOGING SOURCE
Transcribing agency DDC.
082 ## - DEWEY DECIMAL CLASSIFICATION NUMBER
Classification number 375.05 PED 2004
100 ## - MAIN ENTRY--PERSONAL NAME
Personal name Peddiwell, J. Abner; Benjamin, Harold
9 (RLIN) 11059
245 ## - TITLE STATEMENT
Title The Saber-Tooth Curriculum.
250 ## - EDITION STATEMENT
Edition statement Classic Edition.
260 ## - PUBLICATION, DISTRIBUTION, ETC. (IMPRINT)
Place of publication, distribution, etc. New York.
Name of publisher, distributor, etc. McGraw-Hill.
Date of publication, distribution, etc. 2004.
300 ## - PHYSICAL DESCRIPTION
Extent xiii,182p;
Other physical details ill.
Dimensions 16cm
504 ## - BIBLIOGRAPHY, ETC. NOTE
Bibliography, etc includes bibliography
650 ## - SUBJECT ADDED ENTRY--TOPICAL TERM
Topical term or geographic name as entry element Curriculum
9 (RLIN) 3287
942 ## - ADDED ENTRY ELEMENTS (KOHA)
Source of classification or shelving scheme Dewey Decimal Classification
Koha item type Open Shelf
Holdings
Withdrawn status Lost status Source of classification or shelving scheme Damaged status Not for loan Home library Current library Date acquired Source of acquisition Inventory number Total Checkouts Full call number Barcode Date last seen Koha item type
    Dewey Decimal Classification     MUST Main Library MUST Main Library 07/12/2019 Purchase 05/23558   375.05 PED 2004 2019-0704 07/12/2019 Open Shelf
    Dewey Decimal Classification     MUST Main Library MUST Main Library 07/12/2019 Purchase 05/23560   375.05 PED 2004 2019-0705 07/12/2019 Open Shelf
    Dewey Decimal Classification     MUST Main Library MUST Main Library 07/12/2019 Purchase 06/26652   375.05 PED 2004 2019-0706 07/12/2019 Open Shelf
    Dewey Decimal Classification     MUST Main Library MUST Main Library 07/12/2019 Purchase 06/26654   375.05 PED 2004 2019-0707 07/12/2019 Open Shelf
    Dewey Decimal Classification     MUST Main Library MUST Main Library 07/12/2019 Purchase 06/28333   375.05 PED 2004 2019-0708 07/12/2019 Open Shelf
    Dewey Decimal Classification     MUST Main Library MUST Main Library 22/01/2020 Purchase 06/28334   375.05 PED 2004 2020-0063 22/01/2020 Open Shelf
    Dewey Decimal Classification     MUST Main Library MUST Main Library 25/02/2020 Purchase 05/23561   375.05 PED 2004 2020-0591 25/02/2020 Open Shelf
    Dewey Decimal Classification     MUST Main Library MUST Main Library 25/06/2024 Purchase 05/23557   375.05 PED 2004 2024-21248 25/06/2024 Open Shelf
    Dewey Decimal Classification     MUST Main Library MUST Main Library 25/06/2024 Purchase 05/23562   375.05 PED 2004 2024-21249 25/06/2024 Open Shelf